000 00898nam a2200205 a 4500
008 120924s2011 ||||||||||||||||| || u
020 _a9782869784963
050 _aHN 820.A7 ECO
100 _aGaruba, Dauda
245 1 0 _aECOWAS and the dynamics of conflict and peace-building
_cedited by Thomas Jaye, Danda Garuba and Stella Amadi
260 _aDakar
_bCouncil for the Development of Social Research in Africa (CODESRIA)
_c2011
300 _axii, 238p.: ill.
650 _aCONFLICT MANAGEMENT--AFRICA, WEST
650 _aECONOMIC COMMUNITY OF WEST AFRICAN STATES
650 _aPEACE-BUILDING--AFRICA, WEST
650 _aAFRICA, WEST--POLITICS AND GOVERNMEMENT--1960
700 _aAmadi, Stella
700 _aJaye, Thomas
995 _FCBU-MAIN LIBRARY (Kitwe)
_M1
_ULOST
_VFeb 20, 2013
_WJan 7, 2013
_ZMain Library Open Access Collection
999 _c41105
_d41105